Szczegóły MARC21

Kurzgefasster Lebenslauf : und andere frühe Prosa ; Bork ; Diabelli : Erzählungen /

003 -Nazwa inst., której nr kontr. jest w polu 001 [,]
    • @
    • Nazwa instytucji, której n kontrolny jest w polu 001
    • NUKAT
005 -DATA I CZAS OSTATNIEJ MODYFIKACJI [,]
    • @
    • pole kontrolne
    • 20241231112852.0
020 -Międzynarod. znormalizowany nr książki - ISBN [ , ]
    • a
    • Numer ISBN
    • 9783312005932 Find
    • q
    • Dopowiedzenie
    • Bd. 2
020 -Międzynarod. znormalizowany nr książki - ISBN [ , ]
    • a
    • Numer ISBN
    • 9783312005611 Find
    • q
    • Dopowiedzenie
    • Werke in acht Bänden
040 -Instytucja sporządzająca opis [ , ]
    • a
    • Instytucja, która sporządziła opis (NP)
    • WA U/DN
    • c
    • Instytucja, która sporządziła rekord (NP)
    • WA U/DNs
    • d
    • Instytucja, która zmodyfikowała rekord (P)
    • WA U/EBA
    • d
    • Instytucja, która zmodyfikowała rekord (P)
    • WA U/EBA
942 -Rodzaj dokumentu [ , ]
    • c
    • Rodzaj dokumentu
    • Książka
100 -Hasło główne - nazwa osobowa [1, ]
    • a
    • Nazwa osobowa (NP)
    • Burger, Hermann
    • d
    • Daty biograficzne (NP)
    • (1942-1989).
    • 9
    • KHW
    • 231291
240 -Tytuł ujednolicony [1,0]
    • a
    • Tytuł ujednolicony
    • Kurzgefasster Lebenslauf
    • l
    • Język tekstu
    • (niem.)
    • 9
    • KHW
    • 484087
245 -Strefa tytułu i oznaczenia odpowiedzialności [1,0]
    • a
    • Tytuł
    • Kurzgefasster Lebenslauf : Find
    • b
    • Ciąg dalszy tytułu (NP)
    • und andere frühe Prosa ; Bork ; Diabelli : Erzählungen / Find
    • c
    • Pozostałe elementy strefy tytułu i oznaczenia odpowiedzialności (NP)
    • Hermann Burger ; mit einem Nachw. von Beatrice von Matt.
260 -Strefa adresu wydawniczego [ , ]
    • a
    • Miejsce wydania (P)
    • München :
    • b
    • Nazwa wydawcy (P)
    • Nagel & Kimche,
    • c
    • Data wydania (P)
    • 2014.
300 -Strefa opisu fizycznego [ , ]
    • a
    • Określenie formy książki i/lub objętość (NP)
    • 328, [5] s. :
    • b
    • Oznaczenie ilustracji (NP)
    • il. ;
    • c
    • Format (NP)
    • 21 cm.
336 -Typ zawartości [ , ]
    • a
    • Termin opisujący typ zawartości
    • Tekst
    • b
    • Kod określający zawartość
    • txt
    • 2
    • Źródło (terminu i kodu)
    • rdacontent
337 -Typ mediów [ , ]
    • a
    • Tryb odtwarzania
    • Bez urządzenia pośredniczącego
    • b
    • Kod typu mediów
    • n
    • 2
    • Źródło (terminu i kodu)
    • rdamedia
338 -Typ/rodzaj nośnika [ , ]
    • a
    • Hasło opisujące typ nośnika
    • Wolumin
    • b
    • Kod typu nośnika
    • nc
    • 2
    • Źródło (terminu i kodu)
    • rdacarrier
490 -Strefa serii i książki wielotomowej - forma nie do wyszukiwania [1, ]
    • a
    • Tytuł (P)
    • Werke in acht Bänden. Erzählungen / Hermann Burger ; Find
    • v
    • Numeracja (P)
    • 1
500 -Uwaga ogólna [ , ]
    • a
    • Uwaga ogólna (NP)
    • W cyklu gł. Bd. 2.
655 -Hasło w funkcji tematu formalnego [ ,7]
    • a
    • Hasło
    • Powieść szwajcarska w języku niemieckim
    • y
    • Określnik chronologiczny
    • 1945-.
    • 2
    • Źródło terminu
    • kaba
    • 9
    • KHW
    • 416157
700 -Hasło dodatkowe - nazwa osobowa [1, ]
    • a
    • Nazwa osobowa (NP)
    • Matt, Beatrice von Find
    • d
    • Daty biograficzne (NP)
    • (1936- ).
    • e
    • Określenie rodzaju współpracy
    • Posł.
    • 9
    • KHW
    • 484082
700 -Hasło dodatkowe - nazwa osobowa [1,2]
    • a
    • Nazwa osobowa (NP)
    • Burger, Hermann Find
    • d
    • Daty biograficzne (NP)
    • (1942-1989).
    • t
    • Tytuł ujednolicony/tytuł (NP)
    • Bork Find
    • l
    • Język tekstu (NP)
    • (niem.)
    • 9
    • KHW
    • 484084
700 -Hasło dodatkowe - nazwa osobowa [1,2]
    • a
    • Nazwa osobowa (NP)
    • Burger, Hermann Find
    • d
    • Daty biograficzne (NP)
    • (1942-1989).
    • t
    • Tytuł ujednolicony/tytuł (NP)
    • Diabelli Find
    • l
    • Język tekstu (NP)
    • (niem.)
    • 9
    • KHW
    • 484085
800 -Hasło dodatkowe opisu książki wielotomowej - nazwa osobowa [1, ]
    • a
    • Nazwa osobowa (NP)
    • Burger, Hermann
    • d
    • Daty biograficzne (NP)
    • (1942-1989).
    • t
    • Tytuł ujednolicony/tytuł (NP)
    • Werke in acht Bänden
    • v
    • Oznaczenie tomu (NP)
    • Bd. 2
    • 9
    • KHW
    • 484079
800 -Hasło dodatkowe opisu książki wielotomowej - nazwa osobowa [1, ]
    • a
    • Nazwa osobowa (NP)
    • Burger, Hermann
    • d
    • Daty biograficzne (NP)
    • (1942-1989).
    • t
    • Tytuł ujednolicony/tytuł (NP)
    • Werke in acht Bänden.
    • p
    • Nazwa części (P)
    • Erzählungen
    • v
    • Oznaczenie tomu (NP)
    • 1
    • 9
    • KHW
    • 484086
920 -ISBN [ , ]
    • a
    • ISBN
    • 978-3-312-00593-2 Find
    • q
    • Dopowiedzenie
    • Bd. 2
920 -ISBN [ , ]
    • a
    • ISBN
    • 978-3-312-00561-1 Find
    • q
    • Dopowiedzenie
    • Werke in acht Bänden
Lokalizacja Data inwentaryzacji Status udost. Numer inwentarzowy Sygnatura Obwoluta
BM2019-03-14-3BC.12418Germ. Opowiadania szwajcarskie1